000 01278nam a2200301 a 4500
001
003 DO-SdBNP
005 20210903081305.0
008 130422s2012 dr 000 0 spa d
020 _a9789945005394
040 _aDO-SdBNP
_bspa
_cBPMSU
082 _a324.22
_bR173L 2012
_222
100 1 _aRamírez Morillo, Belarminio
245 1 0 _aLeonel como paradigma :
_bdescifrando las claves de su liderazgo /
_cBelarminio Ramírez Morillo.
260 _aSanto Domingo :
_bFESJE,
_c2012.
300 _a307 p. :
_bil., retrs. ;
_c25 cm.
500 _aIncluye datos biográficos del autor en la solapa de la cubierta
500 _aIncluye índice
505 0 _aLeonel y el uso conjugado de las inteligencias 17 -- Las claves del gobernante eficaz 107 -- El líder con sentido humano 185 -- El liderazgo de Leonel y la riqueza del conocimiento 243
590 _6Inventariado, 2021/VM
600 1 4 _aFernández, Leonel
_d1953-
_xLiderazgo
650 4 _aPartidos políticos
_zRepública Dominicana
_x
650 4 _aLiderazgo político
_zRepública Dominicana
651 4 _aRepública Dominicana
_xPolítica y gobierno
710 1 _aFundación de Estudios Sociopoliticos, Jurídicos y Económicas (República Dominicana)
910 _aVMateo V.
942 _2ddc
_cBK
999 _c13709
_d13709